000 01744nam0a2200361 i 4500
001 RU\NLR\BIBL_A\011344944
005 20260405161226.0
010 _a9785906751706
_9100
021 _aRU
_b2017-8599
_9627
035 _a(NLR Aleph) 011344944
090 _a11212667
_c11212667
100 _a20170313d2016 u y0rusy50 ca
101 0 _arus
_acrp
102 _aRU
105 _ay e 000zy
200 1 _aКристанг-русский словарь
_eоколо 4000 слов
_fЖоан Маргарет Марбек, Виктор Погадаев
_gЦентр изучения современных проблем ЮВА и АТР ИСАА МГУ
_zcrp
210 _aМосква
_cКлюч-С
_d2016
215 _a85, [1] с.
_d15
300 _aНа доп. тит. л. загл. и авт. также на креол. яз.: Papiah kristang-russio dictionario / Joan Margaret Marbeck, Victor Pogadaev
320 _aБиблиогр.: с. 84
517 1 _6z20790
_aPapiah kristang-russio dictionario
_zcrp
606 1 _aКристанг язык
_xСловари
_xРусский язык
_92347837
_3RU\NLR\AUTH\6601626045
686 1 _aШ147.22-455
686 1 _aШ141.12-482
700 1 _7ca
_8rus
_aМарбек
_bЖ. М.
_f1944-
_gЖоан Маргарет
_9172025
_3RU\NLR\AUTH\770172075
701 1 _8rus
_7ca
_aПогадаев
_bВ. А.
_f1946-
_gВиктор Александрович
_3RU\NLR\AUTH\7767737
_950665
790 1 _7ba
_8may
_aMarbeck
_bJ. M.
_f1944-
_gJoan Margaret
_9172022
_3RU\NLR\AUTH\770172072
790 1 _8rus
_7ba
_aPogadaev
_bV. A.
_f1946-
_gViktor Aleksandrovič
_3RU\NLR\AUTH\7767738
_950666
942 _cBOOK
980 _aNBR